000
00223nam a22001097a 4500
040
_c
SK
082
_a
300
100
_a
CHAY KONGKRUY
245
_a
Research method in agro-industry
260
_a
RUA
_b
CHA
_c
2012
942
_c
EK
999
_c
10348
_d
10348